| 000 | 00399nam a22001457a 4500 | ||
|---|---|---|---|
| 082 |
_a624.18341 _bPUN _cL-19, P-69 |
||
| 100 |
_aPunmia, B.C _922958 |
||
| 245 | _aReinforced concrete structures | ||
| 250 | _a2nd | ||
| 260 |
_aDehli _bGupta Printing service _cJan 1984 |
||
| 300 |
_ax, 1011 p.: _bill. : _c8 Cm |
||
| 526 |
_a0 _b0 _c0 _d624_183410000000000_PUN |
||
| 650 |
_aMCE _9379 |
||
| 942 |
_2ddc _cBK |
||
| 999 |
_c546923 _d546923 |
||